000 00953nam a2200265Ia 4500
001 18284
003 GE_BSU
008 181216s||||||||xx |||||||||||||| ||und||
020 _a9789941082610
040 _cGE_BSU
080 _a336+338.124.4(479.22)
100 _aქოქიაური,ლამარა
245 _aქართული ლარის გადარჩენის ათი აქსიომა=Ten Axioms of saving Georgian Lari
245 _cრედ.იაკობ მესხია
260 _aთბილისი
260 _bკალმოსანი
260 _c2015
300 _a207გვ.21სმ.ილ.
300 _eბიბლ.გვ.204-207
541 _h28ლ.
653 _aეკონომიკა
653 _aქართული ლარი
653 _aქართული ლარის გადარჩენის ათი აქსიომა
942 _cBK
999 _c51315
_d51315